[Event "Lausanne WGP 2020"]
[Site "Lausanne SUI"]
[Date "2020.03.07"]
[Round "6"]
[White "Abdumalik,Z"]
[Black "Stefanova,A"]
[Result "1-0"]
[WhiteElo "2461"]
[BlackElo "2453"]
[EventDate "2020.03.01"]

1. e4 e5 2. Nf3 Nc6 3. d4 exd4 4. Nxd4 Qf6 5. Ne2 Bc5 6. Nf4 Nge7 7. Nc3
O-O 8. Bd3 Ne5 9. O-O Nxd3 10. Qxd3 c6 11. Be3 Bd6 12. Nfe2 Bc7 13. Ng3 Qg6
14. Rad1 d6 15. Nce2 f5 16. Qb3+ Kh8 17. Nf4 Qf7 18. Qxf7 Rxf7 19. Rfe1 Kg8
20. Nh3 fxe4 21. Ng5 Rf8 22. N5xe4 Nd5 23. Bc1 b5 24. h3 a5 25. b3 b4 26.
Bb2 Ba6 27. Ng5 Bb6 28. Bd4 Bxd4 29. Rxd4 a4 30. N5e4 Rad8 31. bxa4 Bb7 32.
Red1 Rd7 33. a3 bxa3 34. Ra1 c5 35. Rdd1 Bc6 36. Rxa3 Nb6 37. a5 Nc4 38.
Rc3 Nxa5 39. Rxd6 Rxd6 40. Nxd6 Rd8 41. Ngf5 g6 42. Ne7+ Kg7 43. Nxc6 Nxc6
44. Ne4 Rd1+ 45. Kh2 Nd4 46. Rxc5 Re1 47. Rc7+ Kh6 48. Nf6 g5 49. c3 Nf5
50. Nxh7 Re2 51. Nf6 1-0

[Event "Lausanne WGP 2020"]
[Site "Lausanne SUI"]
[Date "2020.03.09"]
[Round "7"]
[White "Stefanova,A"]
[Black "Kashlinskaya,A"]
[Result "1/2-1/2"]
[WhiteElo "2453"]
[BlackElo "2485"]
[EventDate "2020.03.01"]

1. d4 Nf6 2. c4 e6 3. Nf3 d5 4. g3 Bb4+ 5. Bd2 Be7 6. Bg2 O-O 7. O-O Nbd7
8. Qc2 c6 9. Bf4 b6 10. Rd1 Bb7 11. Ne5 Nh5 12. Bd2 Nhf6 13. Bf4 Nh5 14.
Bd2 Nhf6 15. Bf4 1/2-1/2

[Event "Lausanne WGP 2020"]
[Site "Lausanne SUI"]
[Date "2020.03.09"]
[Round "7"]
[White "Harika,D"]
[Black "Abdumalik,Z"]
[Result "1/2-1/2"]
[WhiteElo "2517"]
[BlackElo "2461"]
[EventDate "2020.03.01"]

1. e4 e5 2. Nf3 Nc6 3. Nc3 Nf6 4. Bb5 Bd6 5. d3 O-O 6. Bg5 Be7 7. h3 Nd4 8.
Bc4 c6 9. Bxf6 Nxf3+ 10. Qxf3 Bxf6 11. O-O d6 12. Kh1 g6 13. Ne2 Bg7 14. c3
Kh8 15. d4 f5 16. exf5 e4 17. Qe3 d5 18. Bb3 Bxf5 19. c4 dxc4 20. Bxc4 Qb6
21. Rad1 Rad8 22. Bb3 a5 23. d5 Qxe3 24. fxe3 cxd5 25. Bxd5 Bxb2 26. Bxb7
Rxd1 27. Rxd1 Rb8 28. Bd5 h5 29. Nd4 Kg7 30. Nxf5+ gxf5 1/2-1/2

[Event "Lausanne WGP 2020"]
[Site "Lausanne SUI"]
[Date "2020.03.09"]
[Round "7"]
[White "Muzychuk,M"]
[Black "Goryachkina,A"]
[Result "1/2-1/2"]
[WhiteElo "2551"]
[BlackElo "2579"]
[EventDate "2020.03.01"]

1. e4 e5 2. Nf3 Nc6 3. Bc4 Bc5 4. b4 Bxb4 5. c3 Be7 6. d4 Na5 7. Be2 d6 8.
Qa4+ c6 9. dxe5 dxe5 10. Nxe5 Nf6 11. O-O Qc7 12. Nf3 O-O 13. Bg5 b6 14.
Nbd2 Ng4 15. Bxe7 Qxe7 16. h3 Ne5 17. Nxe5 Qxe5 18. Qd4 Qxd4 19. cxd4 Rd8
20. Nf3 Be6 21. Rfd1 h6 22. Ne5 f6 23. Nxc6 Nxc6 24. d5 Bd7 25. dxc6 Bxc6
26. f3 Ba4 27. Rxd8+ Rxd8 28. Rc1 Kf8 29. Kf2 Ke7 30. Ke3 Rd6 31. Rc7+ Rd7
32. Rc8 Rd8 33. Rxd8 Kxd8 34. Kd4 Ke7 35. Ba6 Kd6 36. f4 Bc6 37. g3 Bd7
1/2-1/2

[Event "Lausanne WGP 2020"]
[Site "Lausanne SUI"]
[Date "2020.03.09"]
[Round "7"]
[White "Cramling,P"]
[Black "Dzagnidze,N"]
[Result "1/2-1/2"]
[WhiteElo "2475"]
[BlackElo "2509"]
[EventDate "2020.03.01"]

1. d4 Nf6 2. Nf3 g6 3. c4 Bg7 4. Nc3 d5 5. e3 O-O 6. Qb3 e6 7. Be2 b6 8.
cxd5 exd5 9. O-O Be6 10. Bd2 Ne4 11. Qc2 Nxd2 12. Qxd2 a6 13. Rac1 Re8 14.
Rfd1 Nd7 15. Ne1 Bf8 16. Nd3 Bd6 17. Nf4 Bxf4 18. exf4 Nf6 19. Bd3 Qd6 20.
Re1 c5 21. f5 Bd7 22. Rxe8+ Bxe8 23. b3 Bd7 24. Ne2 a5 25. fxg6 hxg6 26.
Qf4 Qxf4 27. Nxf4 a4 28. dxc5 bxc5 29. h4 axb3 30. axb3 Rb8 31. Rxc5 Rxb3
32. Nxd5 Nxd5 33. Rxd5 Be6 34. Rd4 Rb2 35. Be4 Kg7 36. g3 Rb5 37. Kg2 g5
38. hxg5 Rxg5 39. Bf3 Rc5 40. Rd6 Kf6 41. Rd2 Ke7 42. Be4 f5 43. Bc2 Kf6
44. Kf3 Rd5 45. Bd3 Bf7 46. Ke3 Re5+ 47. Kf4 Rd5 48. Rd1 Rd8 49. Ke3 Bc4
50. Rd2 Re8+ 51. Kd4 Bxd3 52. Kxd3 f4 53. gxf4 Kf5 54. Re2 Ra8 55. Re3 Kxf4
56. Ke2 Ra2+ 57. Kf1 1/2-1/2

[Event "Lausanne WGP 2020"]
[Site "Lausanne SUI"]
[Date "2020.03.09"]
[Round "7"]
[White "Sebag,M"]
[Black "Ju Wenjun"]
[Result "1/2-1/2"]
[WhiteElo "2443"]
[BlackElo "2583"]
[EventDate "2020.03.01"]

1. e4 e6 2. d4 d5 3. Nd2 c5 4. exd5 Qxd5 5. Ngf3 cxd4 6. Bc4 Qd6 7. O-O Nf6
8. Nb3 Nc6 9. Nbxd4 Nxd4 10. Nxd4 a6 11. Re1 Qc7 12. Bf1 Be7 13. Qf3 O-O
14. Bf4 Qb6 15. Nb3 Bd7 16. c4 Bc6 17. Qe3 Qxe3 18. Bxe3 a5 19. Nd4 Bd7 20.
Be2 Rfc8 21. Rac1 Bc5 22. Red1 e5 23. Nb5 Bxe3 24. fxe3 Bxb5 25. cxb5 Kf8
26. g4 h6 27. h4 Ke7 28. g5 hxg5 29. hxg5 Ne8 30. b6 Nd6 31. Bg4 Rxc1 32.
Rxc1 Ra6 33. Rc5 e4 34. b3 a4 35. bxa4 Rxb6 36. Rc7+ Kf8 37. Rd7 Nc4 38.
Rd8+ Ke7 39. Rd7+ Ke8 40. Rd4 Nd6 41. Bd1 Ke7 42. Bb3 Rc6 43. Rd5 f6 44.
gxf6+ Kxf6 45. Kf2 g5 46. a5 Ra6 47. Ba4 Nf7 48. Bc2 b6 49. Bxe4 Rxa5 50.
Rd2 Ke5 51. Bf3 Nd6 52. Rb2 Rb5 53. Rc2 Rb4 54. Rd2 Nc4 55. Rc2 Rb2 56.
Rxb2 Nxb2 57. Bc6 Nd3+ 58. Kg3 Nb4 59. Be8 Nxa2 60. Kg4 Kf6 61. e4 Nc3 62.
e5+ Kxe5 63. Kxg5 Ne4+ 64. Kg6 Kd5 65. Bd7 Kd6 66. Be8 Kc5 67. Bd7 Kd6 68.
Be8 Ke5 69. Bd7 Nc3 70. Be8 Nd5 71. Kg5 Kd6 72. Ba4 Kc5 73. Kf5 Nc3 74. Be8
Nb5 75. Ke5 Nc7 76. Bd7 Nd5 77. Be8 Nc7 78. Bd7 Na6 79. Ke4 Kc4 80. Ke3 Nc5
81. Be8 1/2-1/2

[Event "Lausanne WGP 2020"]
[Site "Lausanne SUI"]
[Date "2020.03.10"]
[Round "8"]
[White "Kashlinskaya,A"]
[Black "Ju Wenjun"]
[Result "0-1"]
[WhiteElo "2485"]
[BlackElo "2583"]
[EventDate "2020.03.01"]

1. d4 Nf6 2. c4 e6 3. Nf3 d5 4. Nc3 Bb4 5. Qa4+ Nc6 6. e3 O-O 7. Bd2 dxc4
8. Bxc4 Bd6 9. Qc2 e5 10. dxe5 Nxe5 11. Nxe5 Bxe5 12. f4 Bxc3 13. Bxc3 Ng4
14. Bd4 c5 15. Bxc5 Re8 16. O-O b6 17. Rfd1 Qh4 18. g3 Qh3 19. Bd4 Bb7 20.
Bf1 Qh5 21. Qe2 Bf3 22. Qd2 Bxd1 23. Rxd1 Nxe3 24. Be2 Qd5 25. Bxe3 Qxd2
26. Rxd2 Rxe3 27. Kf2 Ree8 28. Rd7 Rad8 29. Rxd8 Rxd8 30. Ke3 Kf8 31. a4
Ke7 32. Bc4 Rd1 33. b3 f6 34. Bd3 h6 35. h4 Rc1 36. Ke4 Rc3 0-1

[Event "Lausanne WGP 2020"]
[Site "Lausanne SUI"]
[Date "2020.03.10"]
[Round "8"]
[White "Dzagnidze,N"]
[Black "Sebag,M"]
[Result "1-0"]
[WhiteElo "2509"]
[BlackElo "2443"]
[EventDate "2020.03.01"]

1. Nf3 d5 2. c4 c6 3. e3 Nf6 4. Nc3 e6 5. b3 Bd6 6. Qc2 O-O 7. d4 Nbd7 8.
Bd3 e5 9. cxd5 cxd5 10. Nb5 Bb4+ 11. Bd2 Bxd2+ 12. Nxd2 e4 13. Be2 Nb6 14.
h3 Be6 15. O-O Rc8 16. Qb2 a6 17. Nc3 Rc6 18. Rfc1 Ne8 19. Nf1 Qh4 20. Na4
Rd6 21. Ng3 f5 22. Nc5 f4 23. Nxe6 Rxe6 24. Bg4 fxg3 25. Bxe6+ Kh8 26. fxg3
Qh6 27. Qa3 Qxe3+ 28. Kh2 Rf2 29. Rf1 h5 30. Bf5 Nf6 31. Qf8+ Ng8 32. Qd8
Rxf1 33. Rxf1 Qh6 34. Qe8 1-0

[Event "Lausanne WGP 2020"]
[Site "Lausanne SUI"]
[Date "2020.03.10"]
[Round "8"]
[White "Goryachkina,A"]
[Black "Cramling,P"]
[Result "1/2-1/2"]
[WhiteElo "2579"]
[BlackElo "2475"]
[EventDate "2020.03.01"]

1. Nf3 d5 2. d4 Nf6 3. c4 dxc4 4. e3 e6 5. Bxc4 c5 6. O-O Nc6 7. a3 a6 8.
dxc5 Qxd1 9. Rxd1 Bxc5 10. b4 Be7 11. Bb2 O-O 12. Nbd2 Bd7 13. Be2 Rfd8 14.
Ng5 Be8 15. Nge4 Nxe4 16. Nxe4 Rxd1+ 17. Rxd1 Rd8 18. Rxd8 Nxd8 19. Bd4 Bc6
20. Nc5 Bd5 21. Nd7 f6 22. Nb6 Bc6 23. f3 Kf7 24. e4 Ke8 25. Bc4 Bd6 26.
Kf2 Bc7 27. g3 e5 28. Bc5 Nf7 29. Bb3 Nd6 30. a4 Kd8 31. g4 Be8 32. Nd5 Bb8
33. Bb6+ Kd7 34. h4 h5 35. Kg3 hxg4 36. Kxg4 Bf7 37. h5 Be6+ 38. Kh4 Nf7
39. a5 Bd6 40. Be3 Kd8 41. Ba2 Bf8 42. Bb6+ Kd7 43. Bb3 Bd6 44. Kg3 f5 45.
exf5 Bxf5 46. Ba4+ Ke6 47. Nc7+ Ke7 48. Bc5 Bd7 49. Bb3 e4+ 50. Bxd6+ Nxd6
51. Nd5+ Kf8 52. fxe4 Nxe4+ 53. Kf4 Nd6 54. Bd1 Nb5 55. Ke5 Bc6 56. Nf4 Bd7
57. Bf3 Bc8 58. Nd3 Ke7 59. Nf4 Na3 60. Nd5+ Kd8 61. Kd6 Nc4+ 62. Kc5 Ne5
63. Be4 Bd7 64. Ne3 Kc7 65. Nd5+ Kd8 66. Nf4 Bc8 67. Kb6 Nc4+ 68. Ka7 Nd6
69. Bd3 Bg4 70. Kb6 Bc8 71. Kc5 Ne8 72. Nd5 Be6 73. Nf4 Bc8 74. Be4 Nf6 75.
Bf3 Kc7 76. Kd4 b6 77. Ke5 bxa5 78. bxa5 Bd7 79. h6 gxh6 80. Kxf6 Kd6 81.
Be2 Bc8 82. Nd3 Bb7 83. Ne5 Kc5 84. Ke7 Kb4 85. Kd6 Be4 86. Nc4 h5 87. Nd2
Bg2 88. Bxh5 Kxa5 89. Kc5 Ka4 90. Bd1+ Ka3 91. Nc4+ Ka2 92. Kb4 Bd5 93. Ne3
Be6 94. Kc3 Bf7 95. Nc2 a5 96. Nd4 Bd5 97. Bc2 Bf7 98. Be4 Bg8 99. Ne2 Bf7
100. Nc1+ Ka1 101. Bc2 Be6 102. Ne2 Bf7 103. Be4 Bg8 104. Bd3 Bf7 105. Nc1
Be6 106. Kc2 Ba2 107. Kc3 Bf7 108. Ne2 Bh5 109. Nd4 Bf7 110. Be4 Bg8 111.
Kc2 Ka2 112. Nc6 Be6 113. Kc3 Bf7 114. Nxa5 Be6 115. Nc6 Bf7 116. Nb4+ Ka3
117. Bc2 Bb3 118. Bf5 Bf7 119. Bd7 Bg6 120. Nd5 Bf7 121. Ne3 Bg8 122. Nc2+
Ka2 123. Ba4 Bf7 124. Nd4 Bd5 125. Ne2 Bf7 126. Bc2 Ka3 127. Nd4 Bd5 128.
Bd1 Bf7 129. Nb5+ 1/2-1/2

[Event "Lausanne WGP 2020"]
[Site "Lausanne SUI"]
[Date "2020.03.10"]
[Round "8"]
[White "Abdumalik,Z"]
[Black "Muzychuk,A"]
[Result "1/2-1/2"]
[WhiteElo "2461"]
[BlackElo "2535"]
[EventDate "2020.03.01"]

1. e4 c5 2. Nf3 Nc6 3. d4 cxd4 4. Nxd4 Nf6 5. Nc3 e5 6. Ndb5 d6 7. Bg5 a6
8. Na3 b5 9. Nd5 Be7 10. Bxf6 Bxf6 11. c3 Rb8 12. Nc2 Bg5 13. a4 bxa4 14.
Nce3 O-O 15. Qxa4 Bxe3 16. Nxe3 Ne7 17. O-O-O Qc7 18. Qa3 Be6 19. Qxd6 Qa5
20. Qxa6 Qc7 21. Qd6 Qa7 22. Qa6 Qc7 23. Qd6 Qa7 24. Qa6 Qc7 1/2-1/2

[Event "Lausanne WGP 2020"]
[Site "Lausanne SUI"]
[Date "2020.03.10"]
[Round "8"]
[White "Stefanova,A"]
[Black "Harika,D"]
[Result "1-0"]
[WhiteElo "2453"]
[BlackElo "2517"]
[EventDate "2020.03.01"]

1. d4 Nf6 2. c4 e6 3. Nf3 d5 4. g3 Bb4+ 5. Bd2 Be7 6. Bg2 O-O 7. O-O c6 8.
Qc2 Nbd7 9. Bf4 b6 10. cxd5 cxd5 11. Rc1 Bb7 12. Bc7 Qe8 13. Nc3 Nb8 14. a4
Nc6 15. Nb5 Qd7 16. Ne5 Nxe5 17. Bxe5 Rfc8 18. Qb3 Rc6 19. Bf1 Ne8 20. Bf4
Rxc1 21. Rxc1 Bc6 22. Bd2 a6 23. Nc3 Nd6 24. e3 b5 25. axb5 axb5 26. Na2
Nc4 27. Be1 Qa7 28. Nb4 Be8 29. Qc3 Rc8 30. b3 Nb6 31. Qa1 Qxa1 32. Rxa1
Ra8 33. Rxa8 Nxa8 34. Na6 Kf8 35. Ba5 Bd6 36. Bd3 Ke7 37. e4 Ba3 38. Kf1 g6
39. Ke2 f6 40. f4 Bb2 41. Bb4+ Kd8 42. Bc5 Kc8 43. exd5 exd5 44. f5 Nc7 45.
Nb4 Bc3 46. g4 g5 47. Na2 Bb2 48. Ke3 Kd8 49. Be2 Na6 50. Bb6+ Kc8 51. Ba5
Nb8 52. Bc3 Bxc3 53. Nxc3 Bc6 54. Bxb5 Kc7 55. b4 Kd6 56. Kd3 Bb7 57. Na4
Ba6 58. Bxa6 Nxa6 59. b5 Nc7 60. Nc3 Na8 61. Na4 Nc7 62. b6 Nb5 63. Nc5 h6
64. h3 Kc6 65. b7 Kc7 66. Nd7 Kxb7 67. Nxf6 Kc6 68. Ng8 Kd7 69. Ke3 Nd6 70.
Nf6+ Kc6 71. Ng8 Kd7 72. Nxh6 Ke7 73. h4 Kf6 74. Kf3 Nb5 75. hxg5+ Kxg5 76.
Nf7+ Kf6 77. Ne5 Nxd4+ 78. Kf4 Ne2+ 79. Ke3 Ng3 80. Nd7+ Kg5 81. f6 Kg6 82.
Kf4 Ne2+ 83. Ke5 d4 84. Ke4 Kf7 85. g5 Ke6 86. Ne5 Ng3+ 87. Kxd4 Nh5 88. f7
Ke7 89. Ke4 Ng7 90. g6 Ne6 91. Kf5 Nd8 92. Kg5 Ne6+ 93. Kh6 Nd8 94. g7
Nxf7+ 95. Nxf7 1-0

[Event "Lausanne WGP 2020"]
[Site "Lausanne SUI"]
[Date "2020.03.11"]
[Round "9"]
[White "Harika,D"]
[Black "Kashlinskaya,A"]
[Result "1/2-1/2"]
[WhiteElo "2517"]
[BlackElo "2485"]
[EventDate "2020.03.01"]

1. e4 e6 2. d4 d5 3. Nc3 Bb4 4. exd5 exd5 5. Bd3 Nf6 6. Nge2 O-O 7. O-O Bg4
8. f3 Bh5 9. a3 Be7 10. Ng3 Bg6 11. Nce2 Nbd7 12. Bf4 Re8 13. Qd2 Bf8 14.
Rfe1 c6 15. Kh1 Bxd3 16. Qxd3 g6 17. c3 Qb6 18. Qc2 Re6 19. Bd2 Rae8 20.
Nf4 Rxe1+ 21. Rxe1 Qd8 22. Nd3 Bd6 23. Qd1 Rxe1+ 24. Qxe1 Qe8 25. Kg1 Qxe1+
26. Bxe1 Kf8 27. Kf1 Ke7 28. Ke2 Ne8 29. Nf1 Nef6 30. Bh4 Ke6 31. Bg3 Bxg3
1/2-1/2

[Event "Lausanne WGP 2020"]
[Site "Lausanne SUI"]
[Date "2020.03.11"]
[Round "9"]
[White "Muzychuk,A"]
[Black "Stefanova,A"]
[Result "1/2-1/2"]
[WhiteElo "2535"]
[BlackElo "2453"]
[EventDate "2020.03.01"]

1. e4 e5 2. Nf3 Nc6 3. Bb5 a6 4. Ba4 g6 5. d4 b5 6. Bb3 exd4 7. a4 Bb7 8.
axb5 axb5 9. Rxa8 Bxa8 10. c3 Bg7 11. cxd4 Na5 12. Bc2 Nf6 13. O-O O-O 14.
Re1 Re8 15. d5 c6 16. dxc6 Nxc6 17. Nc3 b4 18. Na4 d5 19. exd5 Rxe1+ 20.
Nxe1 Nxd5 21. Be4 Nd4 22. Nc5 Qe7 23. Ned3 f5 24. Bxd5+ Bxd5 25. Be3 f4 26.
Bxf4 Ne2+ 27. Kh1 Nxf4 28. Nxf4 Bxg2+ 29. Kxg2 Qxc5 30. Qd8+ Bf8 31. Nd5
1/2-1/2

[Event "Lausanne WGP 2020"]
[Site "Lausanne SUI"]
[Date "2020.03.11"]
[Round "9"]
[White "Muzychuk,M"]
[Black "Abdumalik,Z"]
[Result "1/2-1/2"]
[WhiteElo "2551"]
[BlackElo "2461"]
[EventDate "2020.03.01"]

1. d4 Nf6 2. c4 g6 3. Nc3 d5 4. cxd5 Nxd5 5. e4 Nxc3 6. bxc3 Bg7 7. Bc4 c5
8. Ne2 O-O 9. O-O Nc6 10. Be3 Bg4 11. f3 Bd7 12. Rb1 Qc7 13. Bd3 Rab8 14.
Qd2 Rfd8 15. f4 Bg4 16. d5 c4 17. Bxc4 Na5 18. Bd3 Nc4 19. Bxc4 Qxc4 20.
Nd4 Bd7 21. Rb4 Qc7 22. Rfb1 b6 23. Qd3 Rbc8 24. c4 e5 25. Nf3 exf4 26. d6
Qc6 27. Bxf4 Be6 28. Qe3 Qc5 29. Qxc5 Rxc5 30. Rc1 Bf8 31. e5 f6 32. Nd4
Bc8 33. Nb3 Rc6 34. Nd4 Rc5 35. Nb3 Rc6 36. c5 fxe5 37. Bxe5 bxc5 38. Rb8
Bxd6 39. Bxd6 Rcxd6 40. Nxc5 Bf5 1/2-1/2

[Event "Lausanne WGP 2020"]
[Site "Lausanne SUI"]
[Date "2020.03.11"]
[Round "9"]
[White "Ju Wenjun"]
[Black "Dzagnidze,N"]
[Result "0-1"]
[WhiteElo "2583"]
[BlackElo "2509"]
[EventDate "2020.03.01"]

1. d4 Nf6 2. c4 e6 3. Nf3 d5 4. Nc3 c6 5. Bg5 Nbd7 6. cxd5 exd5 7. Qc2 Be7
8. e3 O-O 9. Bd3 Re8 10. h3 Nf8 11. Bf4 Ng6 12. Bg3 Bd6 13. Bxd6 Qxd6 14.
O-O-O b5 15. g4 a5 16. g5 b4 17. Na4 Ne4 18. Rdg1 Ba6 19. Bxa6 Rxa6 20. Kb1
Ra7 21. h4 Rc7 22. h5 Nf8 23. Nh4 Qe6 24. f3 Nd6 25. Re1 Nd7 26. Re2 c5 27.
dxc5 Rec8 28. g6 Nxc5 29. gxh7+ Kh8 30. Nxc5 Rxc5 31. Qd3 Qf6 32. Qd4 Qxd4
33. exd4 Rc4 34. Rd1 R4c7 35. Rg1 Kxh7 36. Reg2 f6 37. Re2 a4 38. Re6 Nc4
39. Re2 Nd6 40. Re6 Nc4 41. Re2 a3 42. bxa3 bxa3 43. Ng6 Nd6 44. Nf4 Nf5
45. Ne6 Rb8+ 46. Ka1 Re7 47. Rb1 Rbe8 48. Rbe1 Kh6 49. Nf4 Rxe2 50. Rxe2
Rxe2 51. Nxe2 Kxh5 52. Kb1 Ne3 53. Kc1 g5 54. Kd2 Nc4+ 55. Kd3 Kh4 56. Nc3
Nb6 57. Nb5 Kg3 58. Ke2 f5 59. Nxa3 f4 60. Nc2 Na4 61. a3 Nc3+ 62. Kd3 Kxf3
63. Kxc3 Ke2 64. Nb4 f3 65. Nd3 g4 66. Nf4+ Ke1 67. Nd3+ Kf1 68. Ne5 g3 69.
Nxf3 g2 70. Kb4 Kf2 71. Ng5 Kg3 72. Kc5 g1=Q 73. Kxd5 Qh1+ 74. Kd6 Kf4 75.
Ne6+ Ke4 76. d5 Qh2+ 77. Kc6 Ke5 78. Nc7 Qc2+ 79. Kd7 Qa4+ 80. Ke7 Qxa3+
81. Kd7 Qd6+ 82. Kc8 Qe7 0-1

[Event "Lausanne WGP 2020"]
[Site "Lausanne SUI"]
[Date "2020.03.12"]
[Round "10"]
[White "Kashlinskaya,A"]
[Black "Dzagnidze,N"]
[Result "1/2-1/2"]
[WhiteElo "2485"]
[BlackElo "2509"]
[EventDate "2020.03.01"]

1. d4 d5 2. c4 e6 3. Nc3 c6 4. Nf3 dxc4 5. a4 Bb4 6. e4 b5 7. Be2 Bb7 8.
O-O a6 9. Bd2 Ne7 10. b3 cxb3 11. Qxb3 a5 12. axb5 O-O 13. b6 Nd7 14. Na4
c5 15. dxc5 Nxc5 16. Nxc5 Bxc5 17. Bxa5 Nc6 18. Bc3 Rxa1 19. Rxa1 Qxb6 20.
Qxb6 Bxb6 21. Rb1 Ba5 22. Bxg7 Kxg7 23. Rxb7 Rc8 24. g3 Rc7 25. Rb5 h6 26.
Kg2 Bc3 27. Rb3 Bf6 28. Rd3 Ne5 29. Nxe5 Bxe5 30. f4 Bb2 31. e5 Ra7 32. h4
Bc1 33. Rc3 Ra2 34. Kf1 Ra1 35. Kg2 Ra2 36. Kf1 Ra1 37. Kf2 Bd2 38. Rc7
Be1+ 39. Kg2 Ra2 40. Kf3 Ra3+ 41. Kg2 Ra2 42. Kf3 Ra3+ 43. Kg2 Ra2 1/2-1/2

[Event "Lausanne WGP 2020"]
[Site "Lausanne SUI"]
[Date "2020.03.12"]
[Round "10"]
[White "Abdumalik,Z"]
[Black "Cramling,P"]
[Result "1-0"]
[WhiteElo "2461"]
[BlackElo "2475"]
[EventDate "2020.03.01"]

1. e4 c5 2. Nf3 a6 3. c4 e6 4. d4 cxd4 5. Nxd4 Nf6 6. Nc3 Qc7 7. Qd3 d6 8.
Be2 Nbd7 9. O-O b6 10. b3 Bb7 11. f3 Rc8 12. Bb2 Be7 13. Kh1 O-O 14. Rac1
Qb8 15. Qe3 Rfe8 16. f4 Bd8 17. Bf3 g6 18. a4 e5 19. fxe5 Rxe5 20. Qf4 Nc5
21. Rcd1 Ncxe4 22. Nxe4 Bxe4 23. Rde1 Qb7 24. Bxe4 Rxe4 25. Qxd6 Be7 26.
Qg3 Rc5 27. Nf3 Rf5 28. Rxe4 Nxe4 29. Qe1 Bf6 30. Bxf6 Rxf6 31. Qe3 Nc5 32.
a5 Re6 33. Qd4 Qc7 34. b4 Ne4 35. axb6 Qxb6 36. c5 Qb5 37. Kg1 a5 38. Ne5
axb4 39. Nxf7 Qxc5 40. Nh6+ 1-0

[Event "Lausanne WGP 2020"]
[Site "Lausanne SUI"]
[Date "2020.03.12"]
[Round "10"]
[White "Stefanova,A"]
[Black "Muzychuk,M"]
[Result "1-0"]
[WhiteElo "2453"]
[BlackElo "2551"]
[EventDate "2020.03.01"]

1. d4 d5 2. c4 c6 3. Nf3 Nf6 4. e3 a6 5. Nc3 b5 6. b3 Bg4 7. Be2 e6 8. O-O
Nbd7 9. Bb2 Bd6 10. h3 Bxf3 11. Bxf3 O-O 12. g3 Rc8 13. Qd3 Re8 14. Bg2 Bb8
15. Rfd1 Qe7 16. a4 bxc4 17. bxc4 Nb6 18. Ba3 Qd8 19. c5 Nc4 20. e4 Nxa3
21. Rxa3 e5 22. exd5 cxd5 23. dxe5 Bxe5 24. Nxd5 Rxc5 25. Nb4 Qxd3 26. Nxd3
Rc3 27. Rxc3 Bxc3 28. Rc1 Bd4 29. a5 h6 30. Kf1 Re6 31. Bb7 Nd7 32. Rc8+
Kh7 33. Rd8 Nc5 34. Bc8 Bf6 35. Rd5 Nxd3 36. Bxe6 Nb4 37. Bf5+ g6 38. Rd6
Be5 39. Rb6 Nd5 40. Bxg6+ fxg6 41. Rxa6 Kg7 42. Rc6 Kf7 43. a6 Bb8 44. Rc8
Ba7 45. Ra8 Bd4 46. Rb8 Ke6 47. Rb7 Nb6 48. a7 Na8 49. Rb8 Bxa7 50. Rxa8
Bd4 51. Ra6+ Kf5 52. Kg2 h5 53. f4 h4 54. g4+ Kxf4 55. Rxg6 Bc3 56. Rh6 Be1
57. Rh5 Ke4 58. Kf1 Bg3 59. Ke2 Kf4 60. Rb5 Ke4 61. g5 Be5 62. g6 Bc3 63.
Rb7 1-0

[Event "Lausanne WGP 2020"]
[Site "Lausanne SUI"]
[Date "2020.03.12"]
[Round "10"]
[White "Harika,D"]
[Black "Muzychuk,A"]
[Result "1/2-1/2"]
[WhiteElo "2517"]
[BlackElo "2535"]
[EventDate "2020.03.01"]

1. d4 d5 2. c4 c6 3. Nf3 Nf6 4. Nc3 e6 5. Bg5 h6 6. Bxf6 Qxf6 7. e3 g6 8.
Be2 Bg7 9. O-O O-O 10. cxd5 exd5 11. b4 a6 12. a4 Be6 13. Rc1 Nd7 14. b5
axb5 15. axb5 Rfc8 16. bxc6 bxc6 17. Ne1 c5 18. dxc5 Rxc5 19. Nb5 Rxc1 20.
Qxc1 Ra1 21. Qc8+ Kh7 22. Nd4 Qe7 23. Nxe6 Qxe6 24. Nf3 Ne5 25. Qxe6 Nxf3+
26. Bxf3 fxe6 27. Rxa1 Bxa1 28. Bg4 e5 29. Be6 d4 30. exd4 Bxd4 31. Kf1
1/2-1/2

[Event "Lausanne WGP 2020"]
[Site "Lausanne SUI"]
[Date "2020.03.13"]
[Round "11"]
[White "Muzychuk,A"]
[Black "Kashlinskaya,A"]
[Result "1/2-1/2"]
[WhiteElo "2535"]
[BlackElo "2485"]
[EventDate "2020.03.01"]

1. e4 e5 2. Nf3 Nf6 3. d4 Nxe4 4. Bd3 d5 5. dxe5 Be7 6. O-O Nc5 7. Be2 O-O
8. Be3 c6 9. c4 dxc4 10. Bxc5 Qxd1 11. Rxd1 Bxc5 12. Bxc4 Bg4 13. Nc3 b5
14. Bb3 Na6 15. Ne4 Be7 16. Rac1 c5 17. Bd5 Rab8 18. h3 Bxf3 19. gxf3 Rfd8
20. a3 Nc7 21. Bc6 c4 22. Rxd8+ Rxd8 23. a4 a6 24. axb5 axb5 25. Ra1 Ne6
26. Bxb5 Nd4 27. Bxc4 Nxf3+ 28. Kg2 Nxe5 29. b3 Nxc4 30. bxc4 Rd4 31. Ra8+
Bf8 32. Ng5 Rxc4 33. Nxh7 Kxh7 1/2-1/2

[Event "Lausanne WGP 2020"]
[Site "Lausanne SUI"]
[Date "2020.03.13"]
[Round "11"]
[White "Muzychuk,M"]
[Black "Harika,D"]
[Result "1/2-1/2"]
[WhiteElo "2551"]
[BlackElo "2517"]
[EventDate "2020.03.01"]

1. e4 c5 2. Nf3 d6 3. Bb5+ Nd7 4. O-O a6 5. Bd3 Ngf6 6. c3 b5 7. a4 Bb7 8.
axb5 axb5 9. Rxa8 Qxa8 10. Bxb5 Bxe4 11. d4 Bxb1 12. dxc5 Be4 13. Re1 e6
14. Rxe4 Nxe4 15. c6 Nb6 16. Qd4 Qa5 17. c4 Qa1 18. c7+ Ke7 19. Qd1 Qa7 20.
c8=N+ Nxc8 21. Nd4 Qc7 22. Nc6+ Ke8 23. Nb4+ Ke7 24. Nc6+ Ke8 25. Nb4+ Ke7
26. Nc6+ Ke8 1/2-1/2

[Event "Lausanne WGP 2020"]
[Site "Lausanne SUI"]
[Date "2020.03.13"]
[Round "11"]
[White "Cramling,P"]
[Black "Stefanova,A"]
[Result "1/2-1/2"]
[WhiteElo "2475"]
[BlackElo "2453"]
[EventDate "2020.03.01"]

1. Nf3 g6 2. e4 Bg7 3. d4 d6 4. Nc3 a6 5. Bd3 b5 6. O-O Nd7 7. a4 b4 8. Nd5
a5 9. c3 bxc3 10. bxc3 e6 11. Ne3 Ne7 12. Rb1 O-O 13. Ba3 h6 14. Re1 e5 15.
Bb5 f6 16. h3 Kh7 17. Rb2 Ba6 18. Nc4 Nc8 19. Qd3 Bxb5 20. axb5 Ncb6 21.
Nfd2 exd4 22. cxd4 Re8 23. Ne3 d5 24. Rd1 dxe4 25. Nxe4 f5 26. Nc3 Nf6 27.
Rc2 f4 28. Nc4 Nxc4 29. Qxc4 f3 30. d5 fxg2 31. d6 Qd7 1/2-1/2

[Event "Lausanne WGP 2020"]
[Site "Lausanne SUI"]
[Date "2020.03.13"]
[Round "11"]
[White "Sebag,M"]
[Black "Abdumalik,Z"]
[Result "1/2-1/2"]
[WhiteElo "2443"]
[BlackElo "2461"]
[EventDate "2020.03.01"]

1. e4 e5 2. Nf3 Nc6 3. Bb5 a6 4. Ba4 Nf6 5. O-O Be7 6. d3 b5 7. Bb3 d6 8.
a3 O-O 9. Nc3 Na5 10. Ba2 Be6 11. b4 Bxa2 12. Rxa2 Nc6 13. Bg5 Ng4 14. Bd2
Nf6 15. Bg5 Ng4 16. Bd2 Nf6 17. Bg5 Nd7 18. Bd2 Nf6 1/2-1/2

[Event "Lausanne WGP 2020"]
[Site "Lausanne SUI"]
[Date "2020.03.13"]
[Round "11"]
[White "Dzagnidze,N"]
[Black "Goryachkina,A"]
[Result "1/2-1/2"]
[WhiteElo "2509"]
[BlackElo "2579"]
[EventDate "2020.03.01"]

1. d4 d5 2. c4 c6 3. Nf3 Nf6 4. cxd5 cxd5 5. Nc3 Nc6 6. Bf4 Bf5 7. e3 e6 8.
Bd3 Bxd3 9. Qxd3 Bd6 10. Bxd6 Qxd6 11. O-O O-O 12. Qe2 Rfc8 13. Rac1 Nd7
14. Ne1 Nb4 15. Nd3 Nxd3 16. Qxd3 a6 17. Rc2 Rc6 18. Rfc1 Rac8 19. Ne2 Qb4
20. Kf1 Qd6 21. Kg1 Qb4 22. Kf1 Qd6 23. Kg1 Qb4 24. Kf1 Qd6 1/2-1/2